[Event "Pan American-ch School U17 Girls 12th"]
[Site "Callao"]
[Date "2023.10.19"]
[Round "7"]
[White "Rojas Arca, Ana Cristina"]
[Black "Quispe Bernal, Stephanie"]
[Result "1-0"]
[WhiteElo "1311"]
[BlackElo "1094"]
[PlyCount "57"]
[EventDate "2023.10.16"]
[EventType "swiss"]
[EventRounds "9"]
[EventCountry "PER"]
[SourceTitle "Mega2024 Update 01"]
[Source "Chessbase"]
[SourceDate "2023.11.12"]
[SourceVersion "1"]
[SourceVersionDate "2023.11.12"]
[SourceQuality "1"]

1. d4 e6 2. Nf3 d5 3. e3 Nc6 4. Bd3 Nf6 5. Nbd2 Bd6 6. 0-0 0-0 7. a3 e5 8. dxe5 Nxe5 9. Nxe5 Bxe5 10. Nf3 Bd6 11. b3 Bg4 12. Bb2 Ne4 13. h3 Bh5 14. Be2 c6 15. c4 dxc4 16. Bxc4 Ng5 17. Be2 Ne4 18. Rc1 Be7 19. Qc2 Bxf3 20. Rfd1 Qa5 21. Bxf3 Ng5 22. Qe2 Nxf3+ 23. Qxf3 Bxa3 24. Ra1 Rfd8 25. Rxa3 Qb6 26. Qg4 g6 27. Rd7 h5 28. Qd4 c5 29. Qg7# 1-0

[Event "Pan American-ch School U17 Girls 12th"]
[Site "Callao"]
[Date "2023.10.19"]
[Round "6"]
[White "Velarde Alarcon, Jhoana"]
[Black "Rojas Arca, Ana Cristina"]
[Result "1/2-1/2"]
[WhiteElo "1423"]
[BlackElo "1311"]
[PlyCount "194"]
[EventDate "2023.10.16"]
[EventType "swiss"]
[EventRounds "9"]
[EventCountry "PER"]
[SourceTitle "Mega2024 Update 01"]
[Source "Chessbase"]
[SourceDate "2023.11.12"]
[SourceVersion "1"]
[SourceVersionDate "2023.11.12"]
[SourceQuality "1"]

1. e4 e6 2. d4 d5 3. Nc3 a6 4. Be3 Nf6 5. e5 Nfd7 6. f4 c5 7. Qd2 Nc6 8. Nf3 Qc7 9. dxc5 Nxc5 10. Bd3 Be7 11. 0-0 Nxd3 12. cxd3 Bd7 13. a3 0-0 14. Rac1 Qd8 15. f5 f6 16. fxe6 Bxe6 17. d4 Rc8 18. Ne2 Qd7 19. Nf4 Bf5 20. exf6 Bxf6 21. Ne5 Qd6 22. Nxc6 Rxc6 23. Rxc6 Qxc6 24. Rc1 Qd6 25. Qa5 Be4 26. Qc7 Qxc7 27. Rxc7 Rf7 28. Rc8+ Rf8 29. Rxf8+ Kxf8 30. Ne6+ Ke8 31. Nc5 Kd8 32. Nxb7+ Kc7 33. Nc5 Kb6 34. Kf2 Bf5 35. b3 a5 36. Ke2 Kb5 37. Kd2 g6 38. Kc3 Be7 39. Kb2 Bd8 40. Nb7 Be7 41. Nc5 Kc6 42. Na6 Kb5 43. Nc5 Bd6 44. g3 Bg4 45. Nd3 Bf5 46. Ne5 Be4 47. Nf7 Be7 48. Ne5 Bf5 49. g4 Be4 50. g5 Bf5 51. Bd2 Be6 52. Bc1 Bf5 53. Kc3 Bd6 54. Kb2 Be7 55. h4 Bd6 56. Kc3 Be7 57. Nd3 Bd6 58. Nf4 Be4 59. Kb2 Bf3 60. Be3 Be4 61. Ne2 Bf5 62. Bf4 Be7 63. Be5 Bf8 64. Nf4 Be4 65. Ne6 Be7 66. Nc7+ Kc6 67. Ne8 Bf8 68. Nf6 h5 69. Nxe4 dxe4 70. Kc3 Kd5 71. b4 axb4+ 72. axb4 Be7 73. b5 Bd8 74. Kd2 Bb6 75. Ke3 Ba5 76. Ke2 Bb6 77. Ke3 Ba5 78. Bf6 Bb6 79. Kf4 Bc7+ 80. Be5 Bb6 81. Ke3 Ba5 82. Bf6 Bb6 83. Ke2 Ke6 84. Be5 Kd5 85. Ke3 Ba5 86. Ke2 Bb6 87. Bf4 Ba5 88. Bg3 Bb6 89. Be5 Ba5 90. Bb8 Bb6 91. Be5 Ba5 92. Kf2 Bb6 93. Ke3 Ba5 94. Bf6 Bb6 95. Bg7 Ba7 96. Be5 Bb6 97. Bf6 Ba7 1/2-1/2

[Event "Pan American-ch School U17 Girls 12th"]
[Site "Callao"]
[Date "2023.10.17"]
[Round "3"]
[White "Rojas Arca, Ana Cristina"]
[Black "Galicia Ticona, Isabel"]
[Result "1-0"]
[WhiteElo "1311"]
[BlackElo "1086"]
[PlyCount "111"]
[EventDate "2023.10.16"]
[EventType "swiss"]
[EventRounds "9"]
[EventCountry "PER"]
[SourceTitle "Mega2024 Update 01"]
[Source "Chessbase"]
[SourceDate "2023.11.12"]
[SourceVersion "1"]
[SourceVersionDate "2023.11.12"]
[SourceQuality "1"]

1. d4 d5 2. Nf3 Nf6 3. e3 Bf5 4. Bd3 Ne4 5. Nh4 e6 6. Nxf5 exf5 7. Nd2 g6 8. c4 c6 9. Qb3 Qd7 10. cxd5 cxd5 11. 0-0 Bg7 12. Nb1 0-0 13. Nc3 Nf6 14. Bd2 Nc6 15. Na4 Rab8 16. Rac1 Rfd8 17. Rc2 Bf8 18. Rfc1 Rdc8 19. a3 Ne4 20. Be1 Ne7 21. f3 Nd6 22. Nc5 Qd8 23. Bh4 b6 24. Na6 Rxc2 25. Rxc2 Rc8 26. h3 Rxc2 27. Qxc2 Qc8 28. Bxe7 Qxc2 29. Bxc2 Bxe7 30. Nc7 Nc4 31. Nxd5 Bd8 32. Bd3 Nxb2 33. Bb5 Kf8 34. Kf1 Be7 35. Nxe7 Kxe7 36. Ke2 Kd6 37. e4 f4 38. Kd2 f6 39. Kc2 a6 40. Bxa6 Na4 41. Bb5 Nc5 42. dxc5+ Kxc5 43. a4 Kd4 44. Kd2 h6 45. Be8 g5 46. Bf7 Ke5 47. Kc3 Kd6 48. Kc4 Kc6 49. Bd5+ Kd6 50. Kb5 Kc7 51. Bc6 Kb8 52. Kxb6 Kc8 53. a5 Kb8 54. Bb7 h5 55. a6 g4 56. a7# 1-0

[Event "Pan American-ch School U17 Girls 12th"]
[Site "Callao"]
[Date "2023.10.16"]
[Round "2"]
[White "Delgado Suarez, Triana Valentina"]
[Black "Rojas Arca, Ana Cristina"]
[Result "1/2-1/2"]
[WhiteElo "1174"]
[BlackElo "1311"]
[PlyCount "161"]
[EventDate "2023.10.16"]
[EventType "swiss"]
[EventRounds "9"]
[EventCountry "PER"]
[SourceTitle "Mega2024 Update 01"]
[Source "Chessbase"]
[SourceDate "2023.11.12"]
[SourceVersion "1"]
[SourceVersionDate "2023.11.12"]
[SourceQuality "1"]

1. e4 e6 2. d4 d5 3. exd5 exd5 4. Bd3 Bd6 5. h3 Nf6 6. Nf3 0-0 7. 0-0 c5 8. dxc5 Bxc5 9. c3 Nc6 10. Nbd2 a6 11. Nb3 Bd6 12. Re1 Bd7 13. Bg5 h6 14. Bh4 Rc8 15. Bc2 g5 16. Bg3 Bxg3 17. fxg3 Qc7 18. g4 Rfe8 19. Qd2 Ne5 20. Nxe5 Rxe5 21. Rxe5 Qxe5 22. Re1 Qd6 23. Nd4 Re8 24. Rxe8+ Nxe8 25. Qd3 Nf6 26. Qe3 Kg7 27. Nf5+ Bxf5 28. Bxf5 b6 29. b4 a5 30. a3 Nh7 31. Qd4+ Kg8 32. Kf2 axb4 33. axb4 Nf6 34. Kf3 Ne8 35. Bd3 Nc7 36. Bf5 Nb5 37. Qe3 Na3 38. g3 Nc4 39. Qe8+ Kg7 40. Kf2 Ne5 41. Qb5 Qc6 42. Qxc6 Nxc6 43. Ke2 Kf6 44. Kd3 Ke5 45. Bd7 Ne7 46. c4 f6 47. c5 bxc5 48. bxc5 Ng6 49. Bc8 Ne7 50. Bb7 f5 51. gxf5 Nxf5 52. g4 Ng7 53. c6 Ne6 54. Ke3 Kd6 55. Ba8 Kc5 56. Kd2 Nc7 57. Bb7 Kd4 58. Bc8 Ke4 59. Bf5+ Kf4 60. Bd3 d4 61. Bf1 Ke5 62. Kd3 Ne6 63. Kc4 Nc7 64. Kc5 Ne6+ 65. Kb6 Kd6 66. Bc4 Nc7 67. Bd3 Ne6 68. Bf5 Nc7 69. Bb1 Ne6 70. Bd3 Nc7 71. Bf5 Ne8 72. Kb7 Nc7 73. Kb6 Ne8 74. Be4 Nc7 75. Bc2 Ne6 76. Bb3 Nc7 77. Ba4 Ne8 78. Bc2 Nc7 79. Bd3 Ne6 80. Bc2 Nc7 81. Bb3 1/2-1/2

[Event "Pan American-ch School U17 Girls 12th"]
[Site "Callao"]
[Date "2023.10.16"]
[Round "1"]
[White "Rojas Arca, Ana Cristina"]
[Black "Tacas Cardenas, Andrea Ximena"]
[Result "0-1"]
[WhiteElo "1311"]
[BlackElo "1676"]
[PlyCount "78"]
[EventDate "2023.10.16"]
[EventType "swiss"]
[EventRounds "9"]
[EventCountry "PER"]
[SourceTitle "Mega2024 Update 01"]
[Source "Chessbase"]
[SourceDate "2023.11.12"]
[SourceVersion "1"]
[SourceVersionDate "2023.11.12"]
[SourceQuality "1"]

1. d4 Nf6 2. Nf3 d5 3. e3 c5 4. c3 e6 5. Bd3 Nc6 6. Nbd2 Be7 7. 0-0 0-0 8. Qe2 b6 9. b3 Bb7 10. Bb2 Qc7 11. a3 Rfd8 12. c4 Rac8 13. Rac1 cxd4 14. Nxd4 Nxd4 15. exd4 Qf4 16. Qe3 Bd6 17. Qxf4 Bxf4 18. Rcd1 Ba6 19. g3 Bxd2 20. Rxd2 dxc4 21. bxc4 Bxc4 22. Bxc4 Rxc4 23. Rc1 Rxc1+ 24. Bxc1 Rc8 25. Bb2 Nd5 26. Kf1 Kf8 27. Ke1 Ke7 28. Ke2 b5 29. Kd3 Kd6 30. Rc2 Rxc2 31. Kxc2 a5 32. Kd3 g6 33. h3 h5 34. Bc1 Nb6 35. Bd2 Nc4 36. Bh6 Kd5 37. Bc1 b4 38. axb4 axb4 39. f3 b3 0-1

[Event "PER-ch (Women)"]
[Site "Lima"]
[Date "2023.09.03"]
[Round "8"]
[White "Contreras Huaman, Fiorella Daiana"]
[Black "Rojas Arca, Ana Cristina"]
[Result "1-0"]
[WhiteElo "1881"]
[BlackElo "1181"]
[PlyCount "71"]
[EventDate "2023.08.29"]
[EventType "swiss"]
[EventRounds "9"]
[EventCountry "PER"]
[SourceTitle "EXT 2024"]
[Source "ChessBase"]
[SourceDate "2023.10.10"]
[SourceVersion "1"]
[SourceVersionDate "2023.10.10"]
[SourceQuality "1"]

1. e4 e6 2. d4 d5 3. Nc3 Nf6 4. e5 Nfd7 5. f4 c5 6. Nf3 Nc6 7. Be3 Qb6 8. Na4 Qa5+ 9. c3 cxd4 10. b4 Qc7 11. Nxd4 Be7 12. Qd2 Nxd4 13. Bxd4 a6 14. Be2 b5 15. Nb2 Nb6 16. Qe3 Rb8 17. a4 Nc4 18. Nxc4 bxc4 19. 0-0 0-0 20. g4 f6 21. Rf3 fxe5 22. fxe5 Bd7 23. g5 g6 24. Rxf8+ Bxf8 25. Bg4 Be7 26. h4 Qc6 27. Kg2 Kg7 28. h5 gxh5 29. Bxh5 Be8 30. Bg4 Bf7 31. a5 Rg8 32. Rf1 Rf8 33. Rf6 Bg8 34. Qh3 Kh8 35. Qh6 Qd7 36. g6 1-0

[Event "PER-ch (Women)"]
[Site "Lima"]
[Date "2023.09.02"]
[Round "7"]
[White "Rojas Arca, Ana Cristina"]
[Black "Vizcarra Quispe, Ramalia Bellaluz"]
[Result "1-0"]
[WhiteElo "1181"]
[BlackElo "1467"]
[PlyCount "59"]
[EventDate "2023.08.29"]
[EventType "swiss"]
[EventRounds "9"]
[EventCountry "PER"]
[SourceTitle "EXT 2024"]
[Source "ChessBase"]
[SourceDate "2023.10.10"]
[SourceVersion "1"]
[SourceVersionDate "2023.10.10"]
[SourceQuality "1"]

1. d4 c5 2. c3 cxd4 3. cxd4 d5 4. Nf3 Nf6 5. e3 g6 6. Bd3 Bg7 7. 0-0 0-0 8. b3 Nc6 9. Bb2 Bg4 10. Nbd2 Nb4 11. Bb1 Qc8 12. h3 Bf5 13. a3 Nd3 14. Bxd3 Bxd3 15. Re1 Ne4 16. Rc1 Qd7 17. Nxe4 dxe4 18. Ne5 Bxe5 19. dxe5 Rac8 20. Qd2 Qd5 21. Rc3 Rxc3 22. Qxc3 e6 23. Rc1 Bb5 24. a4 Bd7 25. Ba3 Rc8 26. Qxc8+ Bxc8 27. Rxc8+ Kg7 28. Bf8+ Kg8 29. Bh6+ Qd8 30. Rxd8# 1-0

[Event "PER-ch (Women)"]
[Site "Lima"]
[Date "2023.09.01"]
[Round "5"]
[White "Caballero Quijano, Mitzy Mishell"]
[Black "Rojas Arca, Ana Cristina"]
[Result "1-0"]
[WhiteElo "2045"]
[BlackElo "1181"]
[PlyCount "93"]
[EventDate "2023.08.29"]
[EventType "swiss"]
[EventRounds "9"]
[EventCountry "PER"]
[SourceTitle "EXT 2024"]
[Source "ChessBase"]
[SourceDate "2023.10.10"]
[SourceVersion "1"]
[SourceVersionDate "2023.10.10"]
[SourceQuality "1"]

1. e4 e6 2. d4 d5 3. Nc3 Nf6 4. e5 Nfd7 5. f4 c5 6. Nf3 Nc6 7. Be3 Qb6 8. Na4 Qa5+ 9. c3 cxd4 10. b4 Qc7 11. Nxd4 Nxd4 12. Bxd4 a6 13. Nb2 Be7 14. Bd3 b6 15. 0-0 0-0 16. Rf3 g6 17. Qe2 f6 18. exf6 Nxf6 19. g3 a5 20. b5 Bc5 21. Na4 Bxd4+ 22. cxd4 Bd7 23. Qe5 Qb7 24. Re1 Rab8 25. h3 Qc8 26. Rf2 Qd8 27. Rc2 Ne8 28. Rec1 Qf6 29. Qxb8 Qxd4+ 30. Kh2 Qxd3 31. Nxb6 Bxb5 32. Qe5 Ng7 33. a4 Be8 34. Qe2 Qd4 35. Qf2 Qd3 36. Rc3 Qe4 37. Qe3 Qb4 38. Rb3 Qd6 39. Qc5 Qd8 40. Qxa5 Qf6 41. Qc3 Qf5 42. a5 Bf7 43. Nd7 Rd8 44. Rb8 Rxb8 45. Nxb8 Qe4 46. Re1 Qf3 47. Qxf3 1-0